| 000 | 06055cam a22010455i 4500 | ||
|---|---|---|---|
| 001 | 22716238 | ||
| 003 | NUST | ||
| 005 | 20220825123418.0 | ||
| 008 | 220722t20212021nyu e b 000 f eng d | ||
| 010 | _a 2022275613 | ||
| 015 |
_aGBC1E3801 _2bnb |
||
| 016 | 7 |
_a020310829 _2Uk |
|
| 020 |
_a9780062976000 _q(hardcover) |
||
| 020 |
_a0062976001 _q(hardcover) |
||
| 035 | _a(OCoLC)on1260159232 | ||
| 038 | _aAzhar | ||
| 040 |
_aIMmBT _beng _cFSP _erda _dFSP _dOCLCQ _dOCLCO _dOCO _dJAS _dJSZ _dOCLCO _dYU6 _dYDX _dBDX _dCNNWP _dMJ8 _dOCLCO _dILC _dJQM _dK#T _dOCLCO _dOCLCF _dTCH _dDYJ _dBELPL _dDEERP _dMLSOD _dAU@ _dAZZPT _dOCLCO _dCNCAR _dOCLCO _dJ@R _dOCLCO _dMTG _dOCLCO _dUKMGB _dOCLCO _dALECL _dOCLCO _dDF$ _dDMOPL _dOCLCO _dW8A _dZGR _dMQW _dOCLCO _dG8T _dUAH _dOCLCO _dUOJ _dOCLCO _dDLC |
||
| 042 | _alccopycat | ||
| 043 |
_an-us--- _an-us-dc |
||
| 082 | 0 | 4 |
_a813.54 _223 _bCHI |
| 100 | 1 |
_aChiaverini, Jennifer, _eauthor. _996077 |
|
| 245 | 1 | 4 |
_aThe women's march : _ba novel of the 1913 woman suffrage procession _cJennifer Chiaverini. |
| 246 | 3 | 0 | _aNovel of the 1913 woman suffrage procession |
| 246 | 3 | _aNovel of the nineteen-thirteen woman suffrage procession | |
| 250 | _aFirst edition. | ||
| 260 |
_aNew York : _bWilliam Morrow, an imprint of HarperCollins Publishers, _c2021 |
||
| 264 | 4 | _c©2021 | |
| 300 |
_a343 pages ; _c24 cm |
||
| 336 |
_atext _btxt _2rdacontent |
||
| 337 |
_aunmediated _bn _2rdamedia |
||
| 338 |
_avolume _bnc _2rdacarrier |
||
| 504 | _aIncludes bibliographical references (pages [341]-343). | ||
| 520 | _aInspired by actual events, this novel offers a fascinating account of a crucial but little-remembered moment in American history that follows three courageous women who bravely risked their lives and liberty in the fight to win the vote. | ||
| 520 | _aAlice Paul returns to New Jersey after several years on the front lines of the suffrage movement in Great Britain, determined to invigorate the stagnant suffrage movement in her homeland. Nine states have already granted women voting rights, but only a constitutional amendment will secure the vote for all. She organizes a procession down Pennsylvania Avenue in Washington, DC, the day before the inauguration of President-elect Woodrow Wilson, a firm antisuffragist. Joining the march is Maud Malone, librarian and advocate for women's and workers' rights. Civil rights activist and journalist Ida B. Wells-Barnett resolves that women of color must also be included in the march-- and the proposed amendment. On March 3, 1913 the march commences, but police allow crowds of belligerent men to block the parade route, assaulting the marchers and endangering not only the success of the demonstration but the women's very lives. -- adapted from jacket | ||
| 600 | 1 | 0 |
_aPaul, Alice, _d1885-1977 _vFiction. _996078 |
| 600 | 1 | 0 |
_aMalone, Maud, _d1873-1951 _vFiction. _996079 |
| 600 | 1 | 0 |
_aWells-Barnett, Ida B., _d1862-1931 _vFiction. _996080 |
| 600 | 1 | 7 |
_aPaul, Alice, _d1885-1977. _2fast _0(OCoLC)fst00171361 _996081 |
| 600 | 1 | 7 |
_aWells-Barnett, Ida B., _d1862-1931. _2fast _0(OCoLC)fst00005651 _996082 |
| 600 | 1 | 7 |
_aPaul, Alice, _d1885-1977 _vFiction. _2sears _996078 |
| 600 | 1 | 7 |
_aMalone, Maud, _d1873-1951 _vFiction. _2sears _996079 |
| 600 | 1 | 7 |
_aWells-Barnett, Ida B., _d1862-1931 _vFiction. _2sears _996080 |
| 650 | 0 |
_aWomen _xSuffrage _zUnited States _vFiction. _996083 |
|
| 650 | 0 |
_aSuffragists _zUnited States _vFiction. _996084 |
|
| 650 | 0 |
_aDemonstrations _zWashington (D.C.) _vFiction. _996085 |
|
| 650 | 0 |
_aFirst-wave feminism _zUnited States _vFiction. _996086 |
|
| 650 | 0 |
_aWomen _xPolitical activity _zUnited States _vFiction. _996087 |
|
| 650 | 0 |
_aWomen's rights _zUnited States _vFiction. _996088 |
|
| 650 | 1 |
_aWomen _xSuffrage _xFiction. _996089 |
|
| 650 | 6 |
_aFemmes _xSuffrage _zÉtats-Unis _vRomans, nouvelles, etc. _996090 |
|
| 650 | 6 |
_aManifestations _zWashington (D.C.) _vRomans, nouvelles, etc. _996091 |
|
| 650 | 6 |
_aFéminisme de la première vague _zÉtats-Unis _vRomans, nouvelles, etc. _996092 |
|
| 650 | 6 |
_aFemmes _xActivité politique _zÉtats-Unis _vRomans, nouvelles, etc. _996093 |
|
| 650 | 7 |
_aFICTION / Historical / World War I. _2bisacsh _996094 |
|
| 650 | 7 |
_aFICTION / Women. _2bisacsh _996095 |
|
| 650 | 7 |
_aFICTION / Feminist. _2bisacsh _996096 |
|
| 650 | 7 |
_aDemonstrations. _2fast _0(OCoLC)fst00890222 _996097 |
|
| 650 | 7 |
_aFirst-wave feminism. _2fast _0(OCoLC)fst01745222 _996098 |
|
| 650 | 7 |
_aSuffragists. _2fast _0(OCoLC)fst01137197 _996099 |
|
| 650 | 7 |
_aWomen _xPolitical activity. _2fast _0(OCoLC)fst01734136 _993688 |
|
| 650 | 7 |
_aWomen _xSuffrage. _2fast _0(OCoLC)fst01176996 _996100 |
|
| 650 | 7 |
_aWomen's rights. _2fast _0(OCoLC)fst01178818 _994049 |
|
| 650 | 7 |
_aSuffragettes. _2homoit _996101 |
|
| 650 | 7 |
_aFeminists. _2homoit _996102 |
|
| 650 | 7 |
_aWomen. _2homoit |
|
| 650 | 7 |
_aGender identity. _2homoit _996103 |
|
| 650 | 7 |
_aWomen _xSuffrage _zUnited States _vFiction. _2sears _996083 |
|
| 650 | 7 |
_aSuffragists _zUnited States _vFiction. _2sears _996084 |
|
| 650 | 7 |
_aDemonstrations _zWashington (D.C.) _vFiction. _2sears _996085 |
|
| 650 | 7 |
_aFeminism _zUnited States _vFiction. _2sears _996104 |
|
| 650 | 7 |
_aWomen _xPolitical activity _zUnited States _vFiction. _2sears _996087 |
|
| 650 | 7 |
_aWomen's rights _zUnited States _vFiction. _2sears _996088 |
|
| 651 | 7 |
_aUnited States. _2fast _0(OCoLC)fst01204155 |
|
| 651 | 7 |
_aWashington (D.C.) _2fast _0(OCoLC)fst01204505 _996105 |
|
| 655 | 0 | _aHistorical fiction. | |
| 655 | 2 |
_aFictional Work _996106 |
|
| 655 | 7 |
_aBiographical fiction. _2fast _0(OCoLC)fst01726537 _9416 |
|
| 655 | 7 |
_aFiction. _2fast _0(OCoLC)fst01423787 |
|
| 655 | 7 |
_aHistorical fiction. _2fast _0(OCoLC)fst01726640 _998513 |
|
| 655 | 7 |
_aNovels. _2fast _0(OCoLC)fst01921742 _996108 |
|
| 655 | 7 |
_aHistorical fiction. _2gsafd _998513 |
|
| 655 | 7 |
_aBiographical fiction. _2gsafd _9416 |
|
| 655 | 7 |
_aHistorical fiction. _2lcgft _998513 |
|
| 655 | 7 |
_aBiographical fiction. _2lcgft _9416 |
|
| 655 | 7 |
_aNovels. _2lcgft _996108 |
|
| 655 | 7 |
_aRomans. _2rvmgf _996109 |
|
| 906 |
_a0 _bibc _ccopycat _d2 _encip _f20 _gy-gencatlg |
||
| 942 |
_2ddc _cLC |
||
| 999 |
_c590730 _d590730 |
||